| 000 | 00972nam0a22002651 4500 | ||
|---|---|---|---|
| 001 | rc\3355815 | ||
| 005 | 20130115152542.8 | ||
| 021 |
_aRU _bП1116-70 |
||
| 035 | _a(NLR Aleph) 007438986 | ||
| 090 |
_a7095499 _c7095499 |
||
| 100 | _a20130115d1969 |||y0rusy50 ca | ||
| 101 | 0 | _arus | |
| 102 | _aRU | ||
| 105 | _aa z ||||| | ||
| 200 | 1 |
_aЛекарственные растения _eХимия _fПод ред. А.И. Баньковского |
|
| 210 |
_aМосква _cКолос _d1969 |
||
| 215 |
_a703 с. _cил. _d22 |
||
| 225 | 1 |
_aВсесоюзный научно-исследовательский институт лекарственных растений "ВИЛАР". [Труды] _vТ. 15 |
|
| 320 | _aБиблиогр. в конце статей | ||
| 702 | 1 |
_aБаньковский _bА. И. _gАлександр Иванович _4340 |
|
| 801 | 0 |
_aRU _bNLR _gpsbo |
|
| 801 | 1 |
_aRU _bELAR _2rusmarc |
|
| 852 |
_aNLR _jП16/419 |
||
| 942 | _cBOOK | ||
| 980 | _aNB | ||